Вып. 24; Физика и техника высоких давлений

Podrobná bibliografie
Parent link:Физика и техника высоких давлений: республиканский межведомственный сборник научных трудов/ Академия наук Украинской ССР, Донецкий физико-технический институт. Вып. 24.— , 1980-1990
Další autoři: Ковтун Н. М. (редактор)
Jazyk:ruština
Vydáno: 1987
Témata:
Médium: MixedMaterials Kniha
KOHA link:https://koha.lib.tpu.ru/cgi-bin/koha/opac-detail.pl?biblionumber=271868

MARC

LEADER 00000nam2a2200000 4500
001 271868
005 20231101234458.0
035 |a (RuTPU)RU\TPU\book\295071 
035 |a RU\TPU\book\280452 
090 |a 271868 
100 |a 20141013d1987 k y0rusy5003 ca 
101 0 |a rus 
102 |a UA 
105 |a a z 001zy 
200 0 |a Вып. 24  |f отв. ред. Н. М. Ковтун 
210 |d 1987 
215 |a 96 с.  |c ил. 
320 |a Библиогр. в конце ст. 
461 1 |0 (RuTPU)RU\TPU\book\129633  |t Физика и техника высоких давлений  |o республиканский межведомственный сборник научных трудов  |f Академия наук Украинской ССР, Донецкий физико-технический институт  |v Вып. 24  |d 1980-1990 
606 1 |a Давления высокие  |x (физика)  |2 stltpush  |3 (RuTPU)RU\TPU\subj\4802  |9 33017 
610 1 |a антиферромагнетики 
610 1 |a магнитоупругие связи 
610 1 |a динамика 
610 1 |a кросс-релаксация 
610 1 |a синтетические алмазы 
610 1 |a твердофазные давления 
610 1 |a тугоплавкие соединения 
610 1 |a компьютерное моделирование 
610 1 |a магнитные свойства 
610 1 |a алмазосодержащие материалы 
610 1 |a диаграммы 
610 1 |a упрочнение 
610 1 |a сталь 
675 |a 539.89  |v 3 
702 1 |a Ковтун  |b Н. М.  |4 340 
801 0 |a RU  |b 63413507  |c 19950417  |g psbo 
801 1 |a RU  |b 63413507  |c 20070730  |g PSBO 
801 2 |a RU  |b 63413507  |c 20160121  |g PSBO 
942 |c BK